| 000 | 01139cam a2200313 a 4500 | ||
|---|---|---|---|
| 001 | 3920382 | ||
| 003 | NUST - PNEC | ||
| 005 | 20170116181131.0 | ||
| 008 | 910927s1991 pk a 001 0beng | ||
| 010 | _a 91930760 | ||
| 020 |
_a0195774140 : _cRs250.00 |
||
| 040 |
_aDLC _cLIBRARY _dDLC |
||
| 043 | _aa-pk--- | ||
| 050 | 0 | 0 |
_aDS385.S8 _bI4 1991 |
| 082 | 0 | 0 |
_a954.9104092 IKR _aB _220 |
| 100 | 1 |
_aIkramullah, Shaista Suhrawardy, _d1915-2000. |
|
| 245 | 1 | 0 |
_aHuseyn Shaheed Suhrawardy : _ba biography / _cShaista Suhrawardy Ikramullah. |
| 250 | _a1st ed. | ||
| 260 |
_aKarachi ; _aNew York : _bOxford University Press, _c1991. |
||
| 300 |
_axvi, 187 p. : _bill. ; _c23 cm. |
||
| 500 | _aIncludes index. | ||
| 600 | 1 | 0 |
_aSuhrawardy, Huseyn Shaheed, _d1892-1963. |
| 650 | 0 |
_aPrime ministers _zPakistan _xGeneral book |
|
| 651 | 0 |
_aPakistan _xPolitics and government. |
|
| 856 | 4 | 2 |
_3Publisher description _uhttp://www.loc.gov/catdir/enhancements/fy0637/91930760-d.html |
| 906 |
_a7 _bcbc _corignew _d3 _encip _f19 _gy-gencatlg |
||
| 942 |
_2ddc _cBK |
||
| 999 |
_c69986 _d69986 |
||